| 000 | 00412 a2200169 4500 | ||
|---|---|---|---|
| 001 | 83488 | ||
| 020 | _a9780750654371 | ||
| 082 | _a670 SWI | ||
| 090 |
_c40019 _d40019 |
||
| 100 | _aSwift, K.G | ||
| 245 | _aProcess Selection:From Design to Manufacture, 2/ed | ||
| 250 | _a2 | ||
| 260 |
_aUSA _bButterworth/Heinemann _c2009 |
||
| 300 | _axvi, 316 p | ||
| 500 | _aCAE Reference Books | ||
| 505 | _aNUST Books | ||
| 942 |
_aNUST-CAE _k670 SWI |
||
| 999 |
_c318561 _d318561 |
||